| 000 | 00000nam##2200000za#4500 |
| 001 | 9.678574 |
| 003 | CaOODSP |
| 005 | 20250509090330 |
| 007 | ta |
| 008 | 150407|1993||||xxc||||| f|0| 0 fre|d |
| 020 | |a0-660-94249-6 |
| 040 | |aCaOODSP|bfre |
| 043 | |an-cn--- |
| 086 | 1 |aSW45-1/1993F |
| 110 | 1 |aCanada.|bComité canadien sur la violence faite aux femmes. |
| 245 | 13|aUn nouvel horizon: éliminer la violence, atteindre l'égalité: rapport final |
| 260 | |aOttawa - Ontario : |bComité canadien sur la violence faite aux femmes |c1993. |
| 300 | |a500p. en pagination multiple. : |bréférences, tableaux ; |c28 cm. |
| 500 | |aSommaire: Message des cooprésidentes.--Le contexte.--La violence telle qu'elle est vécue: formes.--La violence telle qu'elle est vécue: populations.--La violence telle qu'elle est vécue: institutions.--Le Plan d'action national.--Annexes. N.B.: Plusieurs exemplaires de cette publication ont été imprimés avec un numéro de catalogue incorrect (SW45-3/1993F). Coprésidents: Pat Freeman Marshall et Marthe Asselin Vaillancourt. |
| 520 | 3 |aLes femmes canadiennes paient un prix élevé pour la tolérance de la société envers la violence et l'inégalité dont elles sont victimes. A combien s'élève ce prix? C'est ce que nous apprennent les femmes dans les témoignages livrés devant les membres du Comité canadien sur la violence faite aux femmes lors de sa tournée unique et parfois consternante du pays. Les femmes sont toutes vulnérables. Mais un grand nombre d'entre elles, les femmes autochtones, les femmes âgées, les femmes pauvres, les femmes de couleur, les femmes immigrantes et les femmes handicapées, ont raconté des souffrances indescriptibles. Affirmant que l'on peut prévenir la plupart des souffrances des femmes, le Comité a instauré un plan d'action national en vue de changer la société, plan qui exige une tolérance zéro à l'égard de la violence faite aux femmes. Établi en août 1991 par le gouvernement fédéral, le Comité a reçu le mandat d'élaborer un plan d'action national en vue de mettre fin à la violence faite aux femmes au Canada. Les conclusions du Comité sont divisées en quatre éléments : Un nouvel horizon (rapport final), Sommaire - Plan d'action national, La trousse communautaire et Expériences communautaires. |
| 563 | |aCouverture souple |
| 590 | |a93-31|b1993-08-06 |
| 691 | 07|aViolence faite aux femmes|2gcpds |
| 720 | 1 |aMarshall, Pat Freeman |
| 720 | 1 |aVaillancourt, Marthe Asselin |
| 775 | 08|tChanging the landscape: ending violence, achieving equality: final report / |w(CaOODSP)9.644675 |
| 776 | 0#|tRapport final du ComiteĢ canadien sur la violence faite aux femmes.|w(CaOODSP)9.950974 |